Responses for show #2815 - Friday, November 22, 1996

1996 Tournament of Champions quarterfinal game 5.

Contestants

[<< previous game]

Bob Scarpone, an attorney from Flanders, New Jersey

Barbara Walker, an elementary school principal from Westminster, Maryland

Michael Daunt, an accountant from Waterloo, Ontario, Canada

[next game >>]

Jeopardy! Round responses

TRAITORS
ANATOMY
BUSINESS & INDUSTRY
GEOGRAPHY
WHAT A DISH!
SEAN CONNERY FILMS
    $100 12
Benedict Arnold

Bob
    $100 22
rods

Bob
    $100 17
Clorox

Barbara
    $100 1
Japan

Barbara
    $100 6
potatoes

Barbara
    $100 7
The Hunt for Red October

Bob
    $200 13
Norway

Michael
    $200 23
(Barbara: What is the bicep?)
(Bob: What are the triceps?)
...
(Alex: Barbara was so close but she forgot the "S"--it's biceps, not bicep.)
...
[Before the Double Jeopardy! Round, Alex announces a score correction:]
(Alex: Double Jeopardy! coming in a moment, first let's see if I can remember, it hasn't happened in a long time, so let's see if I can remember how to make this explanation: We thought we had researched the bicep/biceps situation thoroughly; obviously, we haven't because Barbara said "bicep" and that is just as correct as "biceps", so she gets $400; she goes up to $2600. Now, whenever a contestant is ruled incorrect on a response that we later say is right, if any other players have subsequently rung in and given us an incorrect response, that response really doesn't exist, so Bob, who rang in with "triceps", gets his money back also, so he moves up to $2800, and that means that Michael is now low man on the totem pole, and he picks first in this round!)

the biceps

Barbara
    $200 27
Pepsi

Michael
    $200 2
Spain

Bob
    $200 18
salmon

Barbara
    $200 8
The Untouchables

Bob
    $300 14
(Alex: Portrayed by Mel Gibson.)

William Wallace

Michael
    $300 24
the femur

Michael
    $300 28
IBM

Michael
    $300 3
Switzerland

Michael
    $300 19
peanut sauce

Bob
    $300 9
Medicine Man

Triple Stumper
    $400 15
the Persian Empire

Michael
    $400 25
the trachea

Bob
    $400 29
Atlanta, Georgia

Barbara
    $500 4
(Michael: What is Kazakhstan?)

Finland

Michael
    $400 20
bacon

Michael
    $400 10
The Man Who Would Be King

Bob
    $500 16
Marshal Henri Petain

Michael
    $500 26
the adrenal glands

Bob
    $500 30
The King Ranch

Barbara
    $500 5
Brisbane

Barbara
    $500 21
raspberry sauce

Barbara
    $500 11
Darby O'Gill and the Little People

Bob

Scores at the first commercial break (after clue 12):

Michael Barbara Bob
-$200 $700 $1,500

Scores at the end of the Jeopardy! Round:

Michael Barbara Bob
$2,400 $2,600 $2,800

Double Jeopardy! Round responses

HISTORIC PEOPLE
POSTAGE STAMPS
QUOTABLE WOMEN
PHOTOGRAPHY
PENNSYLVANIA
BOOKS & AUTHORS
    $200 1
(Bob: Who is Wilhelm?)
(Alex: Which one?)
(Bob: Wilhelm I.)
(Alex: No.)

Kaiser Wilhelm II

MichaelBob
    $200 30
Paul Bunyan

Bob
    $200 6
Zsa Zsa Gabor

Bob
    $200 17
(Barbara: Who is Alexander Graham Bell?)

Samuel Morse

MichaelBarbara
    $200 16
Hershey

Michael
    $200 9
P.T. Barnum

Michael
    $400 2
Hammurabi

Barbara
    $400 29
Nadia Comaneci

Michael
    $400 7
Your First Name

Michael
    $400 18
Cinematographer

Bob
    $400 22
Ruffed Grouse

Bob
    $400 12
John James Audubon

Bob
    $600 3
Vasco da Gama

Michael
    $600 26
Ernesto "Che" Guevara

Michael
    $600 8
Gertrude Stein

Bob
    $600 19
Lewis Carroll

Bob
    $600 23
Commonwealth

Barbara
    $600 13
Gustauve Flaubert

Bob
    $800 4
Maya Angelou

Michael
    $800 27
Dante Aligheri

Michael
    $800 10
Dorothy Parker

Bob
    $1,500 20
(Bob: Who is Man Ray?)

Ansel Adams

Bob
    $800 24
Allegheny & Monongahela

Bob
    $800 14
Advise and Consent

Bob
    $1000 5
(Bob: Who is William the Conqueror?)

Harold

MichaelBob
    $900 28
(M: Who is Vincent Van Gogh?)

Georgia O'Keeffe ("Red Poppy")

Michael
    $1000 11
(Bob: Who is Vanessa Redgrave?)

Lady Astor

MichaelBob
    $1000 21
Leica

Bob
    $1000 25
(Alex: And we have less than a minute to go in the round.)

Arlen Specter & Rick Santorum

Triple Stumper
    $1000 15
Christopher Isherwood

Bob

Scores at the end of the Double Jeopardy! Round:

Michael Barbara Bob
$7,900 $3,400 $6,900

Final Jeopardy! Round responses

TELEVISION HISTORY
BarbaraWhat is Bonanza?
$3,400
BobWhat was Gunsmoke?
$1,001
MichaelWhat is Gunsmoke?
$2,400
Gunsmoke

Final scores:

Michael Barbara Bob
$10,300 $0 $7,901
Automatic semifinalist 3rd place: $1,000 if eliminated 2nd place: $1,000 if eliminated

Game dynamics:

Coryat scores:

Michael Barbara Bob
$9,300 $3,400 $8,400
21 R,
2 W
(including 2 DDs)
11 R,
1 W
23 R,
4 W
(including 1 DD)

Combined Coryat: $21,100

The J! Archive is created by fans, for fans. Scraping, republication, monetization, and malicious use prohibited; this site may use cookies and collect identifying information. See terms. The Jeopardy! game show and all elements thereof, including but not limited to copyright and trademark thereto, are the property of Jeopardy Productions, Inc. and are protected under law. This website is not affiliated with, sponsored by, or operated by Jeopardy Productions, Inc. Join the discussion at JBoard.tv.